| 000 | 00695nam a22001937a 4500 | ||
|---|---|---|---|
| 005 | 20260414134902.0 | ||
| 008 | 260414b |||||||| |||| 00| 0 eng d | ||
| 040 |
_aLC _cUNZA _dUNZA _eRDA |
||
| 050 |
_aZAMB BV3557.M7 _bHUB 1917 |
||
| 100 | _aHubbard, Ethel Daniels | ||
| 245 |
_aThe Moffats / _cEthel Daniels Hubbard; illustrations by Jessie Gillespie. |
||
| 260 |
_aNew York : _bMissionary education movement of the United States and Canada, _c1917. |
||
| 300 |
_a291 pages: _billustrations. |
||
| 650 |
_aMoffat, Robert _y1795-1883 |
||
| 650 |
_aMoffat, Mary (Smith) Mrs. _y1795-1871 |
||
| 650 |
_aMissions _zSouth Africa |
||
| 700 |
_aGillespie, Jessie _eillustrator |
||
| 942 | _cZAMBIANA | ||
| 999 |
_c216600 _d216600 |
||